Evaluation of uterine scar and its possible defect after cesarean section by transvaginal ultrasound / (رقم التسجيلة. 50843)

تفاصيل مارك
000 -LEADER
fixed length control field 02044cam a2200349 a 4500
003 - CONTROL NUMBER IDENTIFIER
control field EG-GiCUC
005 - DATE AND TIME OF LATEST TRANSACTION
control field 20250223031226.0
008 - FIXED-LENGTH DATA ELEMENTS--GENERAL INFORMATION
fixed length control field 150509s2014 ua dh f m 000 0 eng d
040 ## - CATALOGING SOURCE
Original cataloging agency EG-GiCUC
Language of cataloging eng
Transcribing agency EG-GiCUC
041 0# - LANGUAGE CODE
Language code of text/sound track or separate title eng
049 ## - LOCAL HOLDINGS (OCLC)
Holding library Deposite
097 ## - Thesis Degree
Thesis Level Ph.D
099 ## - LOCAL FREE-TEXT CALL NUMBER (OCLC)
Classification number Cai01.11.15.Ph.D.2014.Ah.E
100 0# - MAIN ENTRY--PERSONAL NAME
Personal name Ahmed Mohamad Abdelaal Kenawy
245 10 - TITLE STATEMENT
Title Evaluation of uterine scar and its possible defect after cesarean section by transvaginal ultrasound /
Statement of responsibility, etc. Ahmed Mohamad Abdelaal Kenawy ; Supervised Hany Hassan Mostafa , Magdy Ibrahim Mostafa , Ahmed Mahmoud Sayed
246 15 - VARYING FORM OF TITLE
Title proper/short title تقيم إحتمال إعتلالات الندب الرحمية ما بعد العملية القيصرية عن طريق الفحص المهبلى بالموجات فوق الصوتية
260 ## - PUBLICATION, DISTRIBUTION, ETC.
Place of publication, distribution, etc. Cairo :
Name of publisher, distributor, etc. Ahmed Mohamad Abdelaal Kenawy ,
Date of publication, distribution, etc. 2014
300 ## - PHYSICAL DESCRIPTION
Extent 87 P. :
Other physical details charts , facsimiles ;
Dimensions 25cm
502 ## - DISSERTATION NOTE
Dissertation note Thesis (Ph.D.) - Cairo University - Faculty of Medicine - Department of Gynecology and Obstetrics
520 ## - SUMMARY, ETC.
Summary, etc. This cross-sectional study was intended to describe morphological criteria of cesarean section scar and or their defects (niches) through examination by transvaginal ultrasonography (TVS) during the non-pregnant state and to associate the CS defects with the related gynecological presentation and risk factors in such patients. The study involved 100 multiparous women with history of at least one previous CS recruited from the outpatient clinic of Aswan Teaching Hospital during the period from January 2011 to February 2013
530 ## - ADDITIONAL PHYSICAL FORM AVAILABLE NOTE
Additional physical form available note Issued also as CD
653 #4 - INDEX TERM--UNCONTROLLED
Uncontrolled term Cesarean section scar defects
653 #4 - INDEX TERM--UNCONTROLLED
Uncontrolled term Post menstrual spotting
653 #4 - INDEX TERM--UNCONTROLLED
Uncontrolled term Transvaginal ultrasonography (TVS)
700 0# - ADDED ENTRY--PERSONAL NAME
Personal name Ahmed Mahmoud Sayed ,
Relator term
700 0# - ADDED ENTRY--PERSONAL NAME
Personal name Hany Hassan Mostafa ,
Relator term
700 0# - ADDED ENTRY--PERSONAL NAME
Personal name Magdy Ibrahim Mostafa ,
Relator term
856 ## - ELECTRONIC LOCATION AND ACCESS
Uniform Resource Identifier <a href="http://172.23.153.220/th.pdf">http://172.23.153.220/th.pdf</a>
905 ## - LOCAL DATA ELEMENT E, LDE (RLIN)
Cataloger Nazla
Reviser Revisor
905 ## - LOCAL DATA ELEMENT E, LDE (RLIN)
Cataloger Soheir
Reviser Cataloger
942 ## - ADDED ENTRY ELEMENTS (KOHA)
Source of classification or shelving scheme Dewey Decimal Classification
Koha item type Thesis
المقتنيات
Source of classification or shelving scheme Not for loan Home library Current library Date acquired Full call number Barcode Date last seen Koha item type Copy number
Dewey Decimal Classification   المكتبة المركزبة الجديدة - جامعة القاهرة قاعة الرسائل الجامعية - الدور الاول 11.02.2024 Cai01.11.15.Ph.D.2014.Ah.E 01010110065577000 22.09.2023 Thesis  
Dewey Decimal Classification   المكتبة المركزبة الجديدة - جامعة القاهرة مخـــزن الرســائل الجـــامعية - البدروم 11.02.2024 Cai01.11.15.Ph.D.2014.Ah.E 01020110065577000 22.09.2023 CD - Rom 65577.CD
Cairo University Libraries Portal Implemented & Customized by: Eng. M. Mohamady Contacts: new-lib@cl.cu.edu.eg | cnul@cl.cu.edu.eg
CUCL logo CNUL logo
© All rights reserved — Cairo University Libraries
CUCL logo
Implemented & Customized by: Eng. M. Mohamady Contact: new-lib@cl.cu.edu.eg © All rights reserved — New Central Library
CNUL logo
Implemented & Customized by: Eng. M. Mohamady Contact: cnul@cl.cu.edu.eg © All rights reserved — Cairo National University Library